00502nam a2200193 a 4500001001300000003000900013005001700022008004100039020000900080082001600089100002500105245003600130260004300166300000800209500003500217505001300252650001800265700002500283nice12345678IN_TiNIC20260116012813.0050524s1986 dela grp 000 0 eng  ac4000a297.52bRAO aRao, K S Ramakrishna aSignificance of Prayer in Islam aDelhibIdarah-I Adabiyat-I Dellic1986 a90p aincludes index and biblioraphy2 aAppendix aIslam-Prayers1 aRao, K S Ramakrishna